แสดงรายละเอียดบรรณานุกรม
  กลับหน้าหลัก

Brief Record : Get Marc (ISO 2709) : E-mail record : QR code ปิดหน้าต่าง
หนังสืออ้างอิง E-books : เกี่ยวกับ Collections
LEADER 00000nam 2200000uu 4500
001    212679
003     ULIBM
008    020711s2562 th a 000 0 tha d
041    ^atha
060  4 อ WY1 ว585ท 2562
245    ที่ระลึกเนื่องในโอกาส สมเด็จพระกนิษฐาธิราชเจ้า กรมสมเด็จพระเทพรัตนราชสุดาฯ สยามบรมราชกุมารี :^bเสด็จพระราชดำเนินในพิธีเปิดป้ายวิทยาลัยพยาบาลบรมราชชนนี แพร่ วันที่ 13 พฤษภาคม พุทธศักราช 2562/^cวิทยาลัยพยาบาลบรมราชชนนี แพร่
260    แพร่ :^bวิทยาลัยพยาบาลบรมราชชนนี แพร่,^c2562
300    96 หน้า :^bภาพประกอบ ;^c27 ซม.
650  4 ^aวิทยาลัยพยาบาลบรมราชชนนี แพร่^xประวัติ
710 2  ^aวิทยาลัยพยาบาลบรมราชชนนี แพร่
999    ^aใช้งานได้ทุกระบบ
รายการนี้ยังไม่มีแท็ก
คุณยังไม่ได้ล็อกอิน คุณสามารถมีกิจกรรมร่วมกับเว็บไซต์ได้ แต่ต้องล็อกอินก่อน ::
  ล็อกอิน
ลำดับที่ ประเภท เลขเรียก สถานที่ สถานะ
1. หนังสืออ้างอิง
หนังสืออ้างอิง
อ WY1 ว585ท 2562 ฉ.1 
  
ชั้นหนังสืออ้างอิง On Shelf
   [แสดง 1/1 รายการ]

BibComment


ยังไม่เคยถูกคอมเมนท์

คอมเมนท์ทรัพยากรรายการนี้
  คอมเมนท์: ที่ระลึกเนื่องในโ..
Bib 212679

 
 
 

 Union Library Management : ULibM
Copyright 2026. All Rights Reserved.
скачать бесплатно без регистрации порно красивый секс HD Sex Hindi sex

xxx gou

xxxx

bfxxx

xxxwww

Секса Видео

xxxx

Секса Видео

detube

geilexxx

C99 Shell

worms shell

blod xxx video
Ebony Coed Rihanna Rimes Takes A Dick In Her Young Twat priyaa indian fuck anal and pusssy hardcore indian women xxx desi hardcore fucking part 1 bengalixxxcouple